000 01202cam a22003614a 4500
001 4795070
003 ARRUPE
005 20141112122345.0
008 040609s2004 enkab b 001 0 eng
010 _a 2004000097
020 _a0195162226 (alk. paper)
020 _a0195162234 (pbk. : alk. paper)
035 _a(OCoLC)54006530
035 _a(OCoLC)ocm54006530
035 _a(DLC) 2004000097
035 _a(NNC)4795070
040 _aDLC
_cDLC
_dDLC
042 _apcc
043 _af-ua---
050 0 0 _aBR190
_b.H37 2004
082 0 0 _a271/.009/015
_222
100 1 _aHarmless, William,
_d1953-
_912569
245 1 0 _aDesert Christians :
_ban introduction to the literature of early monasticism /
_cWilliam Harmless.
260 _aOxford ;
_aNew York :
_bOxford University Press,
_c2004.
300 _axxiv, 488 p. :
_bill., maps ;
_c25 cm.
504 _aIncludes bibliographical references and index.
650 0 _aDesert Fathers.
_93355
650 0 _aChristian literature, Early
_xHistory and criticism.
_98084
650 0 _aMonastic and religious life
_xHistory
_yEarly church, ca. 30-600.
_912572
942 _2lcc
_cMONOGRAPH
948 2 _a20060918
_ba
_crad1
_dMPS
999 _c121227
_d121227